Human rights and the environment (Registro nro. 318347)

Detalles MARC
000 -ENCABEZADO
Número de control [NR] 00953nam a2200241 c 4500
005 - FECHA Y HORA DE LA ÚLTIMA TRANSACCIÓN
control field 20240502103132.0
008 - DE LONGITUD FIJA DE DATOS DE ELEMENTOS - INFORMACIÓN GENERAL
Elementos de longitud fija [NR] 120830s2019 enk |||gr|||| 00| 0 eng d
020 ## - NUMERO INTERNACIONAL NORMALIZADO PARA LIBROS [R]
Número Internacional Normalizado del libro [NR] 9781788111454
040 ## - FUENTE DE CATALOGACION [NR]
Agencia de catalogación original [NR] CO-BoUCM
Idioma de catalogación [NR] spa
Quien Cataloga Deissy Garcia
Quien Clasifica David Moreno (modificó)
041 0# - CODIGO DE IDIOMA [R]
Código de idioma para texto/pista de sonido o título separado [R] Inglés
245 10 - MENCION DE TITULO [NR]
Título [NR] Human rights and the environment
Parte restante del título [NR] legality, indivisibility, dignity and geography
Mención de responsabilidad, etc. [NR] editado por James R May, Erin Daly
260 ## - PUBLICACION, DISTRIBUCION, ETC. (PIE DE IMPRENTA) [R]
Lugar de publicación, distribución, etc. [R] Cheltenham, Reino Unido
Nombre del editor, distribuidor, etc. [R] Edward Elgar Publishing
Fecha de publicación, distribución, etc. [R] 2019
300 ## - DESCRIPCION FISICA [R]
Extensión [R] xxv, 585 Páginas
490 0# - MENCION DE SERIE [R]
Mención de serie [R] Elgar encyclopedia of environmental law
Designación numérica/secuencial del volumen [NR] vii
504 ## - NOTA DE BIBLIOGRAFIA, ETC. [R]
Nota de bibliografía, etc. [NR] Incluye referencias bibliográficas e índices
650 17 - ASIENTO SECUNDARIO DE MATERIA - TERMINO TEMATICO [R]
9 (RLIN) 12703
Término temático o nombre geográfico como elemento de entrada [NR] Derecho ambiental
650 17 - ASIENTO SECUNDARIO DE MATERIA - TERMINO TEMATICO [R]
9 (RLIN) 7499
Término temático o nombre geográfico como elemento de entrada [NR] Derechos humanos
650 17 - ASIENTO SECUNDARIO DE MATERIA - TERMINO TEMATICO [R]
9 (RLIN) 12777
Término temático o nombre geográfico como elemento de entrada [NR] Derecho internacional ambiental
700 1# - ASIENTO SECUNDARIO - NOMBRE PERSONAL [R]
9 (RLIN) 101773
Nombre personal [NR] May, James R.
Término de relación [R] editor
700 1# - ASIENTO SECUNDARIO - NOMBRE PERSONAL [R]
9 (RLIN) 102115
Nombre personal [NR] Daly, Erin
Término de relación [R] editor
942 ## - ELEMENTOS DE ENTRADA AGREGADOS (KOHA)
Tipo de ítem principal el descrito en 300a Libro
Sistema de clasificación DEWEY
Tema principal Derecho
Edición 1
Clasificación 344.046
Parte restante de la signatura top. M466h
Título oculto en OPAC No
Existencias
Fecha de último préstamo Total préstamos Signatura topográfica Código de barras Última vez visto Ejemplar Costo de reposición Price effective from Tipo de ítem Perdido Sistema de clasificación Dañado No prestable Tipo de ítem específico Suprimido Ubicación habitual Ubicación actual Localización Fecha de creación Proveedor Forma de adquisición Costo
02/05/2023 1 344.046 M455h 100167020 05/12/2025 Ej.1 1018277.00 27/01/2021 Libro   DEWEY     Libro   Claustro Claustro 3er piso 27/01/2021 156 Compra 1018277.00